| 000 | 00895nam a2200241Ia 4500 | ||
|---|---|---|---|
| 005 | 20170803104820.0 | ||
| 010 | _aBAC-CH25 | ||
| 020 |
_a9788129121158 _c195.00 |
||
| 035 | _aG-002943 | ||
| 035 | _aB-556774-788 | ||
| 035 | _aB-667209 | ||
| 037 |
_bAakar/Ven _adpl |
||
| 082 | _a821 | ||
| 100 | _aO'Brien, Derek | ||
| 245 |
_aSpeak Up, Speak Out / _cby Derek O'Brien |
||
| 260 |
_aNew Delhi _bRed Turtle Rupa _c2013 |
||
| 270 |
_a7/16, Ansari Road, Daryaganj _bNew Delhi _e110002 |
||
| 300 |
_a200p. _c19cm(pbk) |
||
| 942 |
_cCH _2ddc _mOBR _h821 |
||
| 999 |
_c85593 _d85593 |
||